[Event "Madrid ch 2012 - Final"]
[Site "Madrid ESP"]
[Date "2012.06.11"]
[Round "4.11"]
[White "Moreno Ruiz, Javier"]
[Black "Anton Guijarro, David"]
[Result "1/2-1/2"]
[WhiteElo "2513"]
[BlackElo "2475"]
[PlyCount "108"]
[EventDate "2012.05.31"]
[EventType "k.o."]
[EventRounds "4"]
[EventCountry "ESP"]
[Source "lmi"]
[SourceDate "2012.05.31"]

1. d4 e6 2. c4 Nf6 3. Nc3 Bb4 4. Qc2 O-O 5. e4 d5 6. e5 Ne4 7. Bd3 c5 8. Nf3
cxd4 9. Nxd4 Nd7 10. Bf4 Qh4 11. g3 Qh5 12. O-O Bxc3 13. bxc3 g5 14. cxd5 exd5
15. f3 gxf4 16. fxe4 fxg3 17. exd5 Qxh2+ 18. Qxh2 gxh2+ 19. Kxh2 Nxe5 20. Be4
Re8 21. Rae1 Bd7 22. d6 Rad8 23. Bxb7 Nc4 24. Bd5 Nxd6 25. c4 Rc8 26. Rxe8+
Bxe8 27. Rc1 Kg7 28. Kg3 Kf6 29. Kf4 h5 30. c5 Nb5 31. Nxb5 Bxb5 32. Ke4 h4 33.
Kd4 h3 34. c6 h2 35. Kc5 Bd3 36. Rh1 Rh8 37. c7 Ke7 38. Kc6 Ba6 39. Re1+ Kf6
40. Kd7 Bc8+ 41. Kd6 Rh3 42. Rf1+ Kg5 43. Rxf7 Rd3 44. Rh7 Bb7 45. Rxh2 Rxd5+
46. Ke6 Rc5 47. Kd6 Rc1 48. Rh8 Kf5 49. Rb8 Ba6 50. Ra8 Rd1+ 51. Ke7 Re1+ 52.
Kd8 Rd1+ 53. Ke7 Re1+ 54. Kd8 Rd1+ 1/2-1/2

[Event "Madrid ch 2012 - Final"]
[Site "Madrid ESP"]
[Date "2012.06.12"]
[Round "4.21"]
[White "Anton Guijarro, David"]
[Black "Moreno Ruiz, Javier"]
[Result "1/2-1/2"]
[WhiteElo "2475"]
[BlackElo "2513"]
[PlyCount "251"]
[EventDate "2012.05.31"]
[EventType "k.o."]
[EventRounds "4"]
[EventCountry "ESP"]
[Source "lmi"]
[SourceDate "2012.05.31"]

1. Nf3 d5 2. d4 Nf6 3. c4 e6 4. Nc3 Bb4 5. e3 O-O 6. Bd2 c5 7. dxc5 Bxc5 8.
cxd5 exd5 9. Be2 Nc6 10. O-O a6 11. Rc1 Qe7 12. Re1 Rd8 13. Na4 Bd6 14. Nb6 Rb8
15. Qa4 Be6 16. Qh4 Qc7 17. Na4 Ne4 18. Bd3 Be7 19. Qf4 Qxf4 20. exf4 Nxd2 21.
Nxd2 Bb4 22. Red1 Nd4 23. Nc5 Bg4 24. f3 Bf5 25. Ndb3 Nxb3 26. Nxb3 Bxd3 27.
Rxd3 g6 28. Rcd1 Rbc8 29. a3 Be7 30. Rxd5 Rxd5 31. Rxd5 Bf6 32. Rd2 Rc6 33. Na5
Rc1+ 34. Kf2 b6 35. Nb7 Rb1 36. b4 Rb3 37. Nd6 Bb2 38. Nc4 Bxa3 39. Nxa3 Rxa3
40. Rd6 Ra2+ 41. Kg3 b5 42. h4 Kf8 43. f5 gxf5 44. Kf4 Ra4 45. Kxf5 Rxb4 46.
Rxa6 Rxh4 47. g4 Rh3 48. f4 b4 49. Kg5 Kg7 50. f5 h6+ 51. Kf4 Rh1 52. Rb6 Rb1
53. Kg3 b3 54. Kg2 b2 55. Kh2 Kf8 56. Rb7 Ke8 57. Kg2 Kd8 58. Kh2 Kc8 59. Rb5
Kc7 60. Kg2 Kc6 61. Rb8 Kd5 62. Rb4 Kc5 63. Rb8 Kd4 64. Rb7 Ke3 65. Rb4 Kd3 66.
Rb7 Ke4 67. Rb4+ Ke5 68. Rb5+ Kf4 69. Rb4+ Kg5 70. Kh2 f6 71. Kg2 Rc1 72. Rxb2
Rc4 73. Rb8 Rxg4+ 74. Kh3 h5 75. Rg8+ Kxf5 76. Rh8 Kg5 77. Rg8+ Kf4 78. Rh8 Rg1
79. Kh2 Rg5 80. Rh6 Rf5 81. Rh8 Kg4 82. Rg8+ Kh4 83. Rf8 Rf2+ 84. Kg1 Kg3 85.
Rg8+ Kf3 86. Rg6 Ke2 87. Rh6 Rf5 88. Kh2 Kf3 89. Kh3 Kf4 90. Kh4 Ke5 91. Rh8
Rg5 92. Ra8 Kf5 93. Rb8 Rg1 94. Rb5+ Kg6 95. Rb8 Rg4+ 96. Kh3 f5 97. Rg8+ Kf6
98. Rf8+ Kg5 99. Rg8+ Kf4 100. Ra8 Rg1 101. Ra4+ Kg5 102. Ra8 Rb1 103. Kg2 Rb2+
104. Kf3 Rb3+ 105. Kg2 h4 106. Ra7 Kg4 107. Rg7+ Kf4 108. Ra7 Re3 109. Ra4+ Re4
110. Ra8 Rd4 111. Ra7 Ke3 112. Re7+ Re4 113. Ra7 Rg4+ 114. Kh3 Rd4 115. Ra3+
Rd3 116. Ra8 Kf2+ 117. Kxh4 Kf3 118. Ra2 f4 119. Kh3 Re3 120. Rb2 Re8 121. Rb3+
Re3 122. Rb2 Rd3 123. Ra2 Rd1 124. Ra3+ Ke2 125. Kg4 Rd4 126. Rf3 1/2-1/2

[Event "Madrid ch 2012 - Final"]
[Site "Madrid ESP"]
[Date "2012.06.13"]
[Round "4.31"]
[White "Moreno Ruiz, Javier"]
[Black "Anton Guijarro, David"]
[Result "1/2-1/2"]
[WhiteElo "2513"]
[BlackElo "2475"]
[PlyCount "99"]
[EventDate "2012.05.31"]
[EventType "k.o."]
[EventRounds "4"]
[EventCountry "ESP"]
[Source "lmi"]
[SourceDate "2012.05.31"]

1. d4 Nf6 2. c4 e6 3. Nc3 Bb4 4. Qc2 O-O 5. a3 Bxc3+ 6. Qxc3 d5 7. Nf3 dxc4 8.
Qxc4 b6 9. Bg5 Ba6 10. Qa4 h6 11. Bh4 Qd7 12. Qc2 Nd5 13. e4 Bxf1 14. Rxf1 Nf4
15. O-O-O Qb5 16. Kb1 Ng6 17. Bg3 c5 18. h4 Rc8 19. d5 exd5 20. exd5 Re8 21.
Rfe1 Nd7 22. h5 Ngf8 23. Nh4 Nf6 24. Be5 N8d7 25. f4 c4 26. Nf5 Qb3 27. Qc1 Nc5
28. Re3 Nd3 29. Qd2 Nxd5 30. Rxd3 cxd3 31. Qxd3 Qxd3+ 32. Rxd3 Ne7 33. Nxg7
Red8 34. Rg3 Kf8 35. Rf3 Rac8 36. g4 Rd5 37. Nf5 Nxf5 38. gxf5 f6 39. Bxf6 Rxf5
40. Be5 Rxh5 41. Rd3 Rf5 42. Rd6 h5 43. Rh6 Kf7 44. a4 Re8 45. Kc2 Re6 46. Rh8
Re8 47. Rh6 Re6 48. Rh8 Kg6 49. Rg8+ Kf7 50. Rh8 1/2-1/2

[Event "Madrid ch 2012 - Final"]
[Site "Madrid ESP"]
[Date "2012.06.13"]
[Round "4.32"]
[White "Taboas Rodriguez, Daniel"]
[Black "Almagro Llamas, Pablo"]
[Result "0-1"]
[WhiteElo "2410"]
[BlackElo "2454"]
[PlyCount "52"]
[EventDate "2012.05.31"]
[EventType "k.o."]
[EventRounds "4"]
[EventCountry "ESP"]
[Source "lmi"]
[SourceDate "2012.05.31"]

1. d4 Nf6 2. Nf3 e6 3. c4 Bb4+ 4. Nbd2 d5 5. a3 Be7 6. Qc2 O-O 7. e4 dxe4 8.
Nxe4 Nc6 9. Be3 Nxe4 10. Qxe4 f5 11. Qd3 Bf6 12. O-O-O b5 13. d5 bxc4 14. Qxc4
Na5 15. Qa4 c5 16. Bxc5 Bd7 17. Qc2 Rc8 18. b4 Qe8 19. Ba6 Ba4 20. Bxc8 Bxc2
21. Bxe6+ Kh8 22. Kxc2 Qa4+ 23. Kd3 Qb3+ 24. Ke2 Qc2+ 25. Nd2 Nb3 26. Bxf8 Nd4+
0-1